Traditional copper roofing (Record no. 87519)

MARC details
000 -LEADER
fixed length control field 00499cam a2200205 4500
001 - CONTROL NUMBER
control field D14716
008 - FIXED-LENGTH DATA ELEMENTS--GENERAL INFORMATION
fixed length control field 090401t1971 xxu||||| |||| 00| 0 eng d
035 ## - SYSTEM CONTROL NUMBER
System control number (Sirsi) u17495
041 ## - LANGUAGE CODE
Language code of text/sound track or separate title eng
050 ## - LIBRARY OF CONGRESS CALL NUMBER
Classification number 695.43
100 ## - MAIN ENTRY--PERSONAL NAME
Personal name Glover, H.
245 ## - TITLE STATEMENT
Title Traditional copper roofing
260 ## - PUBLICATION, DISTRIBUTION, ETC.
Place of publication, distribution, etc. Potters Bar
Name of publisher, distributor, etc. Copper Development Association
Date of publication, distribution, etc. 1971
300 ## - PHYSICAL DESCRIPTION
Extent 20p. ill. 30cm
350 ## - PRICE (NR) (BK AM CF MU VM SE) [OBSOLETE]
Price 0
490 ## - SERIES STATEMENT
Series statement CDA Technical Note
Volume/sequential designation TN6
700 ## - ADDED ENTRY--PERSONAL NAME
Personal name Toner, D.E.
942 ## - ADDED ENTRY ELEMENTS (KOHA)
Suppress in OPAC 0
948 ## - LOCAL PROCESSING INFORMATION (OCLC); SERIES PART DESIGNATOR (RLIN)
c (OCLC) 04/03/1997
Holdings
Withdrawn status Lost status Source of classification or shelving scheme Damaged status Not for loan Home library Current library Shelving location Date acquired Total Checkouts Full call number Barcode Date last seen Date last checked out Copy number Price effective from Koha item type
    Dewey Decimal Classification     London London Basement 14/09/1999 2 BASEMENT 30004926 06/08/2019 02/02/2006 1 06/08/2019 Book